00422nam a22000977a 4500003000400000008004100004245007100045250009300116260010000209650001500309OSt201217b ||||| |||| 00| 0 eng d aJIMS 8M : International Journal of Indian Management and Strategy a2016(Jan-Mar Vol.21 No.1, Oct-Dec Vol.21 No.4, Jul-Sep Vol.21 No.3, Apr-Jun Vol.21 No.2) aNew DelhibJagannath International Management School and Jagan Institute of Management Studies  aManagement